| 000 | 00560nam a22001817a 4500 | ||
|---|---|---|---|
| 003 | OSt | ||
| 005 | 20220107122759.0 | ||
| 008 | 150420b xxu||||| |||| 00| 0 eng d | ||
| 040 | _c | ||
| 100 |
_aNipun K V (93613022) _96707 |
||
| 245 | _aQR code based secure OTP distribution scheme | ||
| 500 | _aMini Project Report, MSc. CSIS, Third Semester | ||
| 502 |
_bMSc. Computer Science and Information Security _c2013 - 2015 _dINT _eTony Thomas |
||
| 650 |
_aNETWORK SECURITY _96708 |
||
| 650 |
_aENCRYPTION _96709 |
||
| 650 |
_aDECRYPTION _96710 |
||
| 942 |
_2ddc _cPR |
||
| 999 |
_c4667 _d4667 |
||